Trayectorias investigativas : por una educación infantil innovadora y transformadora /
保存先:
| 第一著者: | |
|---|---|
| その他の著者: | , , , , |
| フォーマット: | eBook |
| 言語: | スペイン語 |
| 出版事項: |
Bogotá :
Sello Editorial UNAD,
2023.
|
| シリーズ: | Escuela de Ciencias de la Educación-ECEDU.
|
| 主題: | |
| オンライン・アクセス: | https://elibro.unach.elogim.com/es/lc/unach/titulos/288377 |
| タグ: |
タグ追加
タグなし, このレコードへの初めてのタグを付けませんか!
|
MARC
| LEADER | 00000nam a2200000 i 4500 | ||
|---|---|---|---|
| 001 | ELB288377 | ||
| 003 | FINmELB | ||
| 005 | 20251205221000.0 | ||
| 006 | m o d | | ||
| 007 | cr cnu|||||||| | ||
| 008 | 251125s2023 ck o 001 0 spa d | ||
| 020 | |a 9789586519298 |q (e-book) | ||
| 020 | |a 9789586519281 |q (print) | ||
| 035 | |a (OCoLC)1564683509 | ||
| 040 | |a FINmELB |b spa |e rda |c FINmELB | ||
| 050 | 4 | |a LB1139.23 |b M828 2023 | |
| 080 | |a 372 | ||
| 082 | 0 | 4 | |a 372.21 |2 23 |
| 100 | 1 | |a Morales Mantilla, Sandra Milena, |e autora. | |
| 245 | 1 | 0 | |a Trayectorias investigativas : |b por una educación infantil innovadora y transformadora / |c Sandra Milena Morales Mantilla, Carmen Eugenia Pedraza Ramírez, Diana Carolina Gamboa Gamba, Mónica Dueñas Cifuentes, Johanna Betancourt Galeano, Syrley Liced Mahecha Bustos, Adriana Perea Albarracín, Mary Luz Guerrero Bonilla, Olga Lucía Reyes Ramírez, Litssy Ethel Gaitán Ariza ; Maheline Buriticá Buriticá, Norma Alejandra Cardona Hurtado-Efide, Janeth Cuéllar Cruz (colaboradores). |
| 264 | 1 | |a Bogotá : |b Sello Editorial UNAD, |c 2023. | |
| 300 | |a 1 recurso en línea (196 páginas) | ||
| 336 | |a texto |b txt |2 rdacontent/spa | ||
| 337 | |a computadora |b c |2 rdamedia/spa | ||
| 338 | |a recurso en línea |b cr |2 rdacarrier/spa | ||
| 490 | 1 | |a Escuela de Ciencias de la Educación-ECEDU | |
| 500 | |a Incluye índice. | ||
| 588 | |a Descripción basada en metadatos suministrados por el editor y otras fuentes. | ||
| 590 | |a Recurso electrónico. Santa Fe, Arg.: elibro, 2025. Disponible vía World Wide Web. El acceso puede estar limitado para las bibliotecas afiliadas a elibro. | ||
| 650 | 4 | |a Pedagogía infantil. | |
| 650 | 4 | |a Educación inclusiva. | |
| 650 | 4 | |a Competencias del docente. | |
| 650 | 4 | |a Educación infantil |x Investigación |z Colombia |y Siglo XXI. | |
| 655 | 4 | |a Libros electrónicos. | |
| 700 | 1 | |a Pedraza Ramírez, Carmen Eugenia, |e autora. | |
| 700 | 1 | |a Gamboa Gamba, Diana Carolina, |e autora. | |
| 700 | 1 | |a Dueñas Cifuentes, Mónica, |e autora. | |
| 700 | 1 | |a Betancourt Galeano, Johanna, |e autora. | |
| 700 | 1 | |a Mahecha Bustos, Syrley Liced, |e autora. | |
| 797 | 2 | |a elibro, Corp. | |
| 830 | 0 | |a Escuela de Ciencias de la Educación-ECEDU. | |
| 856 | 4 | 0 | |u https://elibro.unach.elogim.com/es/lc/unach/titulos/288377 |